2011 annual energy statement (Record no. 83602)

MARC details
000 -LEADER
fixed length control field 01257cad a22001935a 4500
001 - CONTROL NUMBER
control field L154403
008 - FIXED-LENGTH DATA ELEMENTS--GENERAL INFORMATION
fixed length control field 111125e2011 xxk 000 0 eng d
035 ## - SYSTEM CONTROL NUMBER
System control number (Sirsi) u154403
041 0# - LANGUAGE CODE
Language code of text/sound track or separate title eng
110 2# - MAIN ENTRY--CORPORATE NAME
Corporate name or jurisdiction name as entry element United Kingdom
Subordinate unit Department of Energy and Climate Change
9 (RLIN) 5850
245 00 - TITLE STATEMENT
Title 2011 annual energy statement
Medium [electronic resource]
260 ## - PUBLICATION, DISTRIBUTION, ETC.
Place of publication, distribution, etc. London
Name of publisher, distributor, etc. DECC
Date of publication, distribution, etc. 2011
520 ## - SUMMARY, ETC.
Summary, etc. Second Annual Energy Statement (AES) delivered to Parliament on 23 November 2011. Describes progress made in the year since the last AES and makes particular focus on the impact of policies on energy prices and bills. Part of the strategy of reducing the amount of energy used in homes is the introduction of the Green Deal from October 2012 which will make energy saving easier for householders, owners and tenants. Other measures include the Energy Company Obligation which is a subsidy to help the fuel poor and those with hard-to-insulate homes cut their energy use and their bills.
590 ## - LOCAL NOTE (RLIN)
Local note KA NTK
651 #4 - SUBJECT ADDED ENTRY--GEOGRAPHIC NAME
Geographic name United Kingdom
Chronological subdivision
690 ## - LOCAL SUBJECT ADDED ENTRY--TOPICAL TERM (OCLC, RLIN)
Topical term or geographic name as entry element ENVIRONMENTAL AND LAND CONSULTANCY-ENERGY-ENERGY USE-ENERGY EFFICIENCY
856 40 - ELECTRONIC LOCATION AND ACCESS
Uniform Resource Identifier <a href="https://www.decc.gov.uk/en/content/cms/news/aes_2011/aes_2011.aspx">https://www.decc.gov.uk/en/content/cms/news/aes_2011/aes_2011.aspx</a>
Public note View the item free of charge at www.decc.gov.uk
942 ## - ADDED ENTRY ELEMENTS (KOHA)
Suppress in OPAC 0
Holdings
Withdrawn status Lost status Source of classification or shelving scheme Damaged status Not for loan Home library Current library Shelving location Date acquired Total Checkouts Full call number Barcode Date last seen Copy number Price effective from Koha item type
    Dewey Decimal Classification     Virtual Virtual Online 25/11/2011   ONLINE PUBLICATION 154403-2001 06/08/2019 1 06/08/2019 Book